| 000 | 006560000a22001690004500 | ||
|---|---|---|---|
| 003 | MACL | ||
| 005 | 20160205155630.0 | ||
| 008 | 160205b xxu||||| |||| 00| 0 eng d | ||
| 040 |
_aMACL _cmacl |
||
| 041 | _aHindi | ||
| 082 | _a020 | ||
| 100 |
_aडयूई मेल्विल _936973 |
||
| 245 | _aचयनात्मक हिंदी ड़यूई दशमलव वर्गोकरण एवं सापेक्षिक अनुक्रभणिका | ||
| 260 |
_bलेक प्लेसिड क्लब _c1976 _aन्यू यॉर्क |
||
| 650 |
_aLibrary & Inf Science _936940 |
||
| 942 |
_cSAN _k020 _2ddc |
||
| 999 |
_c27342 _d27342 |
||